How the Gold Standard Functioned in Portugal: An Analysis of Some Macroeconomic Aspects

Na minha lista:
Detalhes bibliográficos
Autor principal: Duarte, António Portugal
Outros Autores: Andrade, Joao Sousa
Formato: Capítulo de Livro
Idioma:inglês
Tags: Adicionar Tag
Sem tags, seja o primeiro a adicionar uma tag!

MARC

LEADER 00000naa$a2200000$$$4500
001 0308404
005 20250707072458.5
041 0 |a eng 
044 |a GR 
245 1 0 |a How the Gold Standard Functioned in Portugal: An Analysis of Some Macroeconomic Aspects  |c António Portugal Duarte, Joao Sousa Andrade 
100 1 |a Duarte, António Portugal 
700 1 |a Andrade, Joao Sousa